[Event "Troya op 23rd"]
[Site "Canakkale"]
[Date "2015.08.13"]
[Round "7"]
[White "Okus, Melih"]
[Black "Suhail, Sokari"]
[Result "0-1"]
[WhiteElo "1999"]
[BlackElo "1984"]
[PlyCount "138"]
[EventDate "2015.08.08"]
[EventType "swiss"]
[EventRounds "9"]
[EventCountry "TUR"]
[SourceTitle "CBM 167 Extra"]
[Source "ChessBase"]
[SourceDate "2015.09.14"]
[SourceVersion "1"]
[SourceVersionDate "2015.09.14"]
[SourceQuality "1"]

1. e4 c5 2. Nf3 e6 3. d4 cxd4 4. Nxd4 a6 5. c4 Nc6 6. Nc3 Qc7 7. Be3 Nf6 8. Be2 Bb4 9. Nxc6 bxc6 10. 0-0 0-0 11. Bd3 d6 12. f4 Qa5 13. Qf3 Qh5 14. Qxh5 Nxh5 15. a3 Bxc3 16. bxc3 e5 17. f5 a5 18. c5 dxc5 19. Bxc5 Rd8 20. Rfd1 Nf6 21. Bc2 Ba6 22. Kf2 a4 23. h3 Bb5 24. Bb6 Re8 25. Rd6 h6 26. Rad1 Reb8 27. Bc5 Bc4 28. Ke3 Rb2 29. Rd8+ Rxd8 30. Rxd8+ Kh7 31. Rd2 Bb5 32. Bd6 Nd7 33. c4 Bxc4 34. Bxa4 Rb6 35. Bd1 Ra6 36. Rb2 c5 37. Be7 Rxa3+ 38. Kd2 Rd3+ 39. Kc2 Rd4 40. Bg4 Bd3+ 41. Kc3 Bxe4 42. Ra2 f6 43. Ra7 h5 44. Bxh5 Bxf5 45. Be8 Nb6 46. Kb2 Nd5 47. Bxc5 Rd2+ 48. Kb3 Rxg2 49. h4 Rg4 50. h5 Nf4 51. Ra1 Rh4 52. Bf8 Kg8 53. Be7 Nxh5 54. Ra8 Kh7 55. Bf7 Bg6 56. Be6 Nf4 57. Bc8 Bf7+ 58. Kc2 Nd5 59. Bd6 Bg6+ 60. Kb2 Nb6 61. Rb8 Nc4+ 62. Kc3 Nxd6 63. Be6 Ne4+ 64. Kb2 Rh2+ 65. Ka3 Nc5 66. Bc4 Rc2 67. Bg8+ Kh6 68. Bd5 e4 69. Rc8 e3 0-1

[Event "Troya op 23rd"]
[Site "Canakkale"]
[Date "2015.08.10"]
[Round "4"]
[White "Suhail, Sokari"]
[Black "Cil, Batuhan"]
[Result "1-0"]
[WhiteElo "1984"]
[BlackElo "1697"]
[PlyCount "122"]
[EventDate "2015.08.08"]
[EventType "swiss"]
[EventRounds "9"]
[EventCountry "TUR"]
[SourceTitle "CBM 167 Extra"]
[Source "ChessBase"]
[SourceDate "2015.09.14"]
[SourceVersion "1"]
[SourceVersionDate "2015.09.14"]
[SourceQuality "1"]

1. c4 Nf6 2. d4 c5 3. d5 d6 4. Nc3 g6 5. e4 Bg7 6. f3 0-0 7. Be3 e6 8. Qd2 exd5 9. cxd5 a6 10. a4 Re8 11. g4 Qa5 12. Ra3 Nbd7 13. h4 Ne5 14. Be2 Qb4 15. Nh3 h5 16. gxh5 Nxh5 17. Kf2 Bxh3 18. Rxh3 Nc4 19. Bxc4 Qxc4 20. a5 f5 21. Qc2 Bd4 22. Ra4 Bxe3+ 23. Ke1 Bd2+ 24. Qxd2 Qb3 25. Ra3 Qb4 26. Ra4 Qb3 27. Ra3 Qb4 28. Ra4 Qb3 29. Qh6 Kf7 30. Qd2 b5 31. axb6 Qxb6 32. Kd1 f4 33. Kc1 Rf8 34. Rc4 Qd8 35. Ne2 Qf6 36. Ra4 Rfe8 37. Qd3 Reb8 38. Nc3 Rb6 39. Rh2 Ng3 40. Nd1 a5 41. Ra2 Rb4 42. Nf2 c4 43. Qd1 c3 44. Ng4 cxb2+ 45. Kb1 Rd4 46. Qg1 Qh8 47. Raxb2 Rb8 48. Qc1 Qd8 49. Qxf4+ Nf5 50. h5 Rxb2+ 51. Rxb2 Qc8 52. hxg6+ Kg7 53. Qc1 Qxc1+ 54. Kxc1 Nh4 55. Nh2 Nxg6 56. Rb6 Rc4+ 57. Kd2 Rb4 58. Rxb4 axb4 59. Kd3 Kf6 60. Kc4 Ke5 61. Kxb4 Nf4 1-0

[Event "Troya op 23rd"]
[Site "Canakkale"]
[Date "2015.08.09"]
[Round "3"]
[White "Demirbas, Fatih"]
[Black "Suhail, Sokari"]
[Result "0-1"]
[WhiteElo "1714"]
[BlackElo "1984"]
[PlyCount "63"]
[EventDate "2015.08.08"]
[EventType "swiss"]
[EventRounds "9"]
[EventCountry "TUR"]
[SourceTitle "CBM 167 Extra"]
[Source "ChessBase"]
[SourceDate "2015.09.14"]
[SourceVersion "1"]
[SourceVersionDate "2015.09.14"]
[SourceQuality "1"]

1. e4 e5 2. f4 Nf6 3. fxe5 Nxe4 4. Nf3 Be7 5. Be2 c5 6. 0-0 Nc6 7. c3 Ng5 8. d4 Nxf3+ 9. Bxf3 cxd4 10. cxd4 Qb6 11. Bxc6 dxc6 12. a4 a5 13. Na3 Be6 14. Qd3 Rd8 15. Be3 0-0 16. Nc4 Qa6 17. b3 c5 18. Rfd1 Bg4 19. d5 Bxd1 20. Rxd1 Rc8 21. d6 Bd8 22. Qf5 Rb8 23. e6 fxe6 24. Qxe6+ Kh8 25. Bxc5 Bf6 26. Bb6 Rbc8 27. d7 Rxc4 28. bxc4 Bd8 29. Qe8 Qxb6+ 30. Kh1 Qf6 31. Qe1 h6 32. h3 0-1

[Event "Al Ain op 3rd"]
[Site "Al Ain"]
[Date "2014.12.25"]
[Round "8"]
[White "Suhail, Sokari"]
[Black "Mammadova, Gulnar Marfat Qizi"]
[Result "0-1"]
[WhiteElo "1912"]
[BlackElo "2354"]
[PlyCount "72"]
[EventDate "2014.12.19"]
[EventType "swiss"]
[EventRounds "9"]
[EventCountry "UAE"]
[SourceTitle "CBM 164 Extra"]
[Source "ChessBase"]
[SourceDate "2015.03.02"]
[SourceVersion "1"]
[SourceVersionDate "2015.03.02"]
[SourceQuality "1"]

1. d4 e6 2. c4 f5 3. Nc3 Nf6 4. Qb3 d5 5. Bg5 c6 6. Bxf6 Qxf6 7. Nf3 Bd6 8. e3 0-0 9. Bd3 Kh8 10. h4 Nd7 11. 0-0-0 a5 12. a4 Qe7 13. Ng5 Nf6 14. f4 Ng4 15. Rhe1 Nf2 16. Rd2 Nxd3+ 17. Rxd3 dxc4 18. Qxc4 b5 19. Qxc6 Bb7 20. Qb6 b4 21. Nxe6 Qxe6 22. d5 Qe7 23. Nb5 Rfc8+ 24. Kd2 Bc5 25. Qe6 Qxe6 26. dxe6 h6 27. Rc1 Ba6 28. Ke2 Bxb5 29. axb5 a4 30. Rd5 a3 31. bxa3 bxa3 32. Rdxc5 Rxc5 33. Rxc5 a2 34. Rc1 a1Q 35. Rxa1 Rxa1 36. b6 Kg8 0-1

[Event "Al Ain op 3rd"]
[Site "Al Ain"]
[Date "2014.12.20"]
[Round "3"]
[White "Abdulla, Khayala Mardan Qizi"]
[Black "Suhail, Sokari"]
[Result "1/2-1/2"]
[WhiteElo "2299"]
[BlackElo "1912"]
[PlyCount "67"]
[EventDate "2014.12.19"]
[EventType "swiss"]
[EventRounds "9"]
[EventCountry "UAE"]
[SourceTitle "CBM 164 Extra"]
[Source "ChessBase"]
[SourceDate "2015.03.02"]
[SourceVersion "1"]
[SourceVersionDate "2015.03.02"]
[SourceQuality "1"]

1. e4 c5 2. Nf3 Nc6 3. d4 cxd4 4. Nxd4 Nf6 5. Nc3 d6 6. Be2 a6 7. 0-0 g6 8. Nb3 b5 9. Re1 Bg7 10. Bf1 0-0 11. Bg5 Be6 12. Nd5 Re8 13. a4 b4 14. Qd2 Nd7 15. Nxb4 Nxb4 16. Qxb4 Bxb2 17. Rab1 Bg7 18. Nd4 Nc5 19. Nxe6 Nxe6 20. Be3 Qc7 21. Bb6 Qc6 22. Bc4 Nc7 23. Red1 a5 24. Qb3 e6 25. Qd3 Reb8 26. Qxd6 Qxc4 27. Qxc7 Qxe4 28. Bxa5 Rxb1 29. Rxb1 Be5 30. Qc5 Bd4 31. Qc7 Be5 32. Qc5 Bd4 33. Qc7 Be5 34. Qc5 1/2-1/2